Państwo po piosence - Eurowizja 2022 - Statystyki

Ogólne statystyki
  • Ten quiz został rozwiązany 69 razy
  • Średni wynik to 27 z 40
Statystyki odpowiedzi
Tytuł Państwo % Poprawnych
"Stefania" Ukraina
96%
"River" Polska
94%
"Snap" Armenia
91%
"SloMo" Hiszpania
91%
"Give That Wolf A Banana" Norwegia
87%
"Hold Me Closer" Szwecja
85%
"SPACE MAN" Wielka Brytania
83%
"Með Hækkandi Sól" Islandia
79%
"Brividi" Włochy
79%
"Saudade Saudade" Portugalia
77%
"In Corpore Sano" Serbia
77%
"Jezebel" Finlandia
74%
"Rockstars" Niemcy
74%
"De Diepte" Holandia
72%
"Sentimentai" Litwa
72%
"Llámame" Rumunia
72%
"Lights Off" Czechy
68%
"Hope" Estonia
68%
"Trenulețul" Mołdawia
68%
"Boys Do Cry" Szwajcaria
68%
"Die Together" Grecja
66%
"That's Rich" Irlandia
66%
"I.M" Izrael
62%
"I Am What I Am" Malta
62%
"Not The Same" Australia
60%
"Guilty Pleasure" Chorwacja
60%
"Fulenn" Francja
60%
"Stripper" San Marino
60%
"Halo" Austria
57%
"Ela" Cypr
57%
"Eat Your Salad" Łotwa
57%
"Disko" Słowenia
57%
"Sekret" Albania
55%
"Miss You" Belgia
55%
"Circles" Macedonia Północna
51%
"Fade To Black" Azerbejdżan
49%
"The Show" Dania
49%
"Lock Me In" Gruzja
45%
"Intention" Bułgaria
43%
"Breathe" Czarnogóra
40%
Nie znaleziono quizów pasujących do podanych kryteriów
Rozkład punktacji
Procent ludzi z każdym wynikiem
Percentyl według liczby udzielonych odpowiedzi
Twoja historia wyników
Nie rozwiązałeś tego quizu